000 00630nam a2200229Ia 4500
003 OSt
005 20220928102601.0
006 a|||||r|||| 00| 0
007 ta
008 220927b |||||||| |||| 00| 0 eng d
024 _a90794
037 _cTextual
040 _aSDCL
_cSDCL
_beng
041 _2eng
_aeng
082 _aO152,2:g(NT), K5;1
100 _aLal Lakshminarayan
_9399123
245 0 _aRangmanch aur natak ki bhomika.
260 _aDelhi
_bNational Publishing House
_c1965
300 _a168p
_ccm.
942 _hO152,2:g(NT), K5;1
_cTEXL
_2CC
999 _c714985
_d714985